Catálogo
 En Linea

Historias atroces que frangolla la voraz hiena para comerse a la liebre perspicaz / (Registro nro. 11502)

Detalles MARC
000 -CABECERA
campo de control de longitud fija 00908nam a2200265 a 4500
001 - NÚMERO DE CONTROL
campo de control 000011828
005 - FECHA Y HORA DE LA ÚLTIMA TRANSACCIÓN
campo de control 20240301140404.0
008 - DATOS DE LONGITUD FIJA--INFORMACIÓN GENERAL
campo de control de longitud fija 091028s2003 pr 000 f spa d
020 ## - NÚMERO INTERNACIONAL ESTÁNDAR DEL LIBRO
Número Internacional Estándar del Libro 1932271244
040 ## - FUENTE DE LA CATALOGACIÓN
Centro catalogador/agencia de origen DO-SdBNP
Lengua de catalogación spa
Centro/agencia transcriptor BNPHU
082 ## - NÚMERO DE LA CLASIFICACIÓN DECIMAL DEWEY
Número de clasificación PR863.44
Número de documento/Ítem C115h
100 1# - ENTRADA PRINCIPAL--NOMBRE DE PERSONA
Nombre de persona Cabiya, Pedro,
Fechas asociadas al nombre 1971-
9 (RLIN) 16077
245 10 - MENCIÓN DE TÍTULO
Título Historias atroces que frangolla la voraz hiena para comerse a la liebre perspicaz /
Mención de responsabilidad, etc. Pedro Cabiya.
246 14 - FORMA VARIANTE DE TÍTULO
Título propio/Titulo breve Historias atroces
260 ## - PUBLICACIÓN, DISTRIBUCIÓN, ETC.
Lugar de publicación, distribución, etc. San Juan, Puerto Rico :
Nombre del editor, distribuidor, etc. Isla Negra,
Fecha de publicación, distribución, etc. 2003.
300 ## - DESCRIPCIÓN FÍSICA
Extensión 173 p. ;
Dimensiones 22 cm.
490 1# - MENCIÓN DE SERIE
Mención de serie El rostro y la máscara
490 1# - MENCIÓN DE SERIE
Mención de serie El fémur de tu padre
504 ## - NOTA DE BIBLIOGRAFÍA, ETC.
Nota de bibliografía, etc. Incluye notas al pie de las páginas.
650 #4 - PUNTO DE ACCESO ADICIONAL DE MATERIA--TÉRMINO DE MATERIA
Término de materia o nombre geográfico como elemento de entrada Novela puertorriqueña
9 (RLIN) 1185
650 #4 - PUNTO DE ACCESO ADICIONAL DE MATERIA--TÉRMINO DE MATERIA
Término de materia o nombre geográfico como elemento de entrada Literatura puertorriqueña
9 (RLIN) 250
830 #3 - PUNTO DE ACCESO ADICIONAL DE SERIE-TÍTULO UNIFORME
Título uniforme El rostro y la máscara
9 (RLIN) 251
830 #3 - PUNTO DE ACCESO ADICIONAL DE SERIE-TÍTULO UNIFORME
Título uniforme El fémur de tu padre
9 (RLIN) 27995
910 ## - DATOS DE OPCIÓN DEL USUARIO (OCLC)
Datos de opción del usuario Validado. Control de calidad BNPHU
Existencias
Estado de retiro Estado de pérdida Restricciones de uso No para préstamo Código de colección Localización permanente Ubicación/localización actual Ubicación en estantería Fecha de adquisición Número de inventario Total de préstamos Signatura topográfica completa Código de barras Fecha visto por última vez Precio válido a partir de Tipo de ítem Koha Número de copia
      Excluido de préstamo Monografías: Libros y Folletos Patrimonio Dominicano Patrimonio Dominicano Depósito 28.10.2009 LF1   PR863.44 C115h 11828-10 25.06.2020 25.06.2020 No se presta  
    Préstamo restringido Préstamo restrigido Monografías: Libros y Folletos Patrimonio Dominicano Patrimonio Dominicano Depósito 28.10.2009 LF1   PR863.44 C115h 11828-20 25.06.2020 25.06.2020 Préstamo en sala e. 2
        Monografías: Libros y Folletos Patrimonio Dominicano Patrimonio Dominicano Depósito 28.10.2009 LF1   PR863.44 C115h 11828-30 25.06.2020 25.06.2020 Préstamo en sala e. 3

Con tecnología Koha